Diplomatari de l'Orient Català : 1301-1409 : col·lecció de documents per a la història de l'expedició catalana a Orient i dels ducats d'Atenes i Neopàtria / recollida i anotada per Antoni Rubió i Lluch 1301-1409 :
Descripción Física:
LXV, 798 p. ; 27 cm
Otros Autores:
Rubió i Lluch, Antoni
MARC
| LEADER | 00000nam a2200000Ia 4500 | ||
|---|---|---|---|
| 001 | 9124 | ||
| 008 | 160829s1947 xx 000 0 cat d | ||
| 080 | |a A-1-110 | ||
| 245 | |a Diplomatari de l'Orient Català : |b 1301-1409 : |b col·lecció de documents per a la història de l'expedició catalana a Orient i dels ducats d'Atenes i Neopàtria / recollida i anotada per Antoni Rubió i Lluch | ||
| 260 | |a Barcelona : |b Institut d'Estudis Catalans, |c 1947 | ||
| 300 | |a LXV, 798 p. ; |c 27 cm | ||
| 590 | |a Índexs | ||
| 650 | |a Catalunya |x Història |x 1301/1409 |x Fonts |9 32496 | ||
| 650 | |a Catalans |x Expedicions |x 1301/1409 |x Fonts |9 32497 | ||
| 700 | |a Rubió i Lluch, Antoni |9 32498 | ||
| 710 | 2 | |a Institut d'Estudis Catalans |9 52284 | |
| 901 | |a Arxiu | ||
| 942 | |n 1 | ||
| 952 | |0 0 |1 0 |4 0 |6 A1110 |7 1 |9 46005 |a Arxiu |b Arxiu |d 2016-12-01 |l 0 |o A-1-110 |p 9124 |r 2016-12-01 00:00:00 |w 2016-12-01 |y ARXIU | ||
| 999 | |c 49506 |d 49506 | ||